| 000 -LEADER |
| fixed length control field |
01804cam a2200301 a 4500 |
| 001 - CONTROL NUMBER |
| control field |
.b16335880 |
| 003 - CONTROL NUMBER IDENTIFIER |
| control field |
OSt |
| 005 - DATE AND TIME OF LATEST TRANSACTION |
| control field |
20190806090825.0 |
| 008 - FIXED-LENGTH DATA ELEMENTS--GENERAL INFORMATION |
| fixed length control field |
060728s2006 enka b 001 0 eng |
| 010 ## - LIBRARY OF CONGRESS CONTROL NUMBER |
| LC control number |
2006025068 |
| 015 ## - NATIONAL BIBLIOGRAPHY NUMBER |
| National bibliography number |
GBA660459 |
| Source |
bnb |
| 020 ## - INTERNATIONAL STANDARD BOOK NUMBER |
| International Standard Book Number |
9780199205905 (pbk. : acidfree paper) |
| 020 ## - INTERNATIONAL STANDARD BOOK NUMBER |
| International Standard Book Number |
0199205906 (pbk. : acidfree paper) |
| 040 ## - CATALOGING SOURCE |
| Original cataloging agency |
DLC |
| Transcribing agency |
DLC |
| Modifying agency |
BAKER |
| -- |
C#P |
| -- |
YDXCP |
| -- |
VP@ |
| -- |
CS1 |
| -- |
UKM |
| -- |
BTCTA |
| -- |
JED |
| 082 04 - DEWEY DECIMAL CLASSIFICATION NUMBER |
| Classification number |
510 STE |
| 100 1# - MAIN ENTRY--PERSONAL NAME |
| Personal name |
Stewart, Ian, |
| Dates associated with a name |
1945- |
| Relator term |
author |
| 245 10 - TITLE STATEMENT |
| Title |
How to cut a cake : |
| Remainder of title |
and other mathematical conundrums / |
| Statement of responsibility, etc. |
Ian Stewart. |
| 260 ## - PUBLICATION, DISTRIBUTION, ETC. |
| Place of publication, distribution, etc. |
Oxford ; |
| -- |
New York : |
| Name of publisher, distributor, etc. |
Oxford University Press, |
| Date of publication, distribution, etc. |
2006. |
| 300 ## - PHYSICAL DESCRIPTION |
| Extent |
xi, 231 p. : |
| Other physical details |
ill. ; |
| Dimensions |
24 cm. |
| 504 ## - BIBLIOGRAPHY, ETC. NOTE |
| Bibliography, etc. note |
Includes bibliographical references (p. [217]-221) and index. |
| 505 0# - FORMATTED CONTENTS NOTE |
| Formatted contents note |
Your half's bigger than my half! -- Repealing the law of averages -- Arithmetic and old lace -- Paradox lost -- Tight tins for round sardines -- The never-ending chess game -- Quods and quasars -- Zero knowledge protocols -- Empires on the moon -- Empires and electronics -- Resurrection shuffle-- Double bubble, toil and trouble -- Crossed lines in the brick factory -- Division without envy -- Furiously flashing fireflies -- Why phone cords get tangled -- Sierpinski's ubiquitous gasket -- Defend the roman empire!-- Triangulation takeaway -- Easter Is a quasicrystal. |
| 650 #0 - SUBJECT ADDED ENTRY--TOPICAL TERM |
| Topical term or geographic name entry element |
Mathematical recreations. |
| 650 #0 - SUBJECT ADDED ENTRY--TOPICAL TERM |
| Topical term or geographic name entry element |
Mathematics |
| General subdivision |
Study and teaching (Higher) |
| -- |
Activity programs. |
| 856 42 - ELECTRONIC LOCATION AND ACCESS |
| Materials specified |
Publisher description |
| Uniform Resource Identifier |
<a href="http://www.loc.gov/catdir/enhancements/fy0723/2006025068-d.html">http://www.loc.gov/catdir/enhancements/fy0723/2006025068-d.html</a> |
| 856 41 - ELECTRONIC LOCATION AND ACCESS |
| Materials specified |
Table of contents only |
| Uniform Resource Identifier |
<a href="http://www.loc.gov/catdir/toc/ecip0618/2006025068.html">http://www.loc.gov/catdir/toc/ecip0618/2006025068.html</a> |
| 856 42 - ELECTRONIC LOCATION AND ACCESS |
| Materials specified |
Contributor biographical information |
| Uniform Resource Identifier |
<a href="http://www.loc.gov/catdir/enhancements/fy0723/2006025068-b.html">http://www.loc.gov/catdir/enhancements/fy0723/2006025068-b.html</a> |
| 942 ## - ADDED ENTRY ELEMENTS (KOHA) |
| Source of classification or shelving scheme |
|
| Koha item type |
Books - Non Ficton |